[Event "Campeonato España Sub 10"]
[Site "Salobreña"]
[Date "2017.07.07"]
[Round "7"]
[White "Serrano Almendros, Angel"]
[Black "Miro Arbelaes, Aleix"]
[Result "1-0"]
[Board "17"]
[WhiteElo "1269"]
[WhiteCountry "ESP"]
[WhiteFideId "24561584"]
[WhiteEloChange "14"]
[BlackElo "1404"]
[BlackCountry "ESP"]
[BlackFideId "24560545"]
[BlackEloChange "-14"]

1. e4 {[%clk 1:30:30]} e6 {[%clk 1:30:30]} 2. d4 {[%clk 1:30:30]} d5 {[%clk
1:30:30]} 3. e5 {[%clk 1:30:30]} c5 {[%clk 1:30:30]} 4. c3 {[%clk 1:30:30]} Nc6
{[%clk 1:30:30]} 5. Nf3 {[%clk 1:30:30]} Qb6 {[%clk 1:30:30]} 6. a3 {[%clk
1:30:30]} cxd4 {[%clk 1:30:30]} 7. cxd4 {[%clk 1:30:30]} a5 {[%clk 1:30:30]} 8.
Bd3 {[%clk 1:30:30]} Nh6 {[%clk 1:30:30]} 9. Nc3 {[%clk 1:30:30]} Bd7 {[%clk
1:30:30]} 10. Bc2 {[%clk 1:30:30]} Be7 {[%clk 1:30:30]} 11. Rb1 {[%clk 1:30:30]}
Qa7 {[%clk 1:30:30]} 12. Bxh6 {[%clk 1:30:30]} gxh6 {[%clk 1:30:30]} 13. Qd2
{[%clk 1:30:30]} O-O-O {[%clk 1:30:30]} 14. Ne2 {[%clk 1:30:30]} Rdg8 {[%clk
1:30:30]} 15. g3 {[%clk 1:30:30]} Bg5 {[%clk 1:30:30]} 16. Nxg5 {[%clk 1:30:30]}
hxg5 {[%clk 1:30:30]} 17. Rd1 {[%clk 1:30:30]} Qb6 {[%clk 1:30:30]} 18. b3 {[%clk
1:30:30]} Qd8 {[%clk 1:30:30]} 19. Nc3 {[%clk 1:30:30]} f6 {[%clk 1:30:30]} 20.
exf6 {[%clk 1:30:30]} Qxf6 {[%clk 1:30:30]} 21. Nb5 {[%clk 1:30:30]} e5 {[%clk
1:30:30]} 22. h3 {[%clk 1:30:30]} Re8 {[%clk 1:30:30]} 23. Kf1 {[%clk 1:30:30]}
Qf3 {[%clk 1:30:30]} 24. Rh2 {[%clk 1:30:30]} exd4 {[%clk 1:30:30]} 25. Nd6+
{[%clk 1:30:30]} Kc7 {[%clk 1:30:30]} 26. Nxe8+ {[%clk 1:30:30]} Rxe8 {[%clk
1:30:30]} 27. Re1 {[%clk 1:30:30]} Rxe1+ {[%clk 1:30:30]} 28. Qxe1 {[%clk
1:30:30]} d3 {[%clk 1:30:30]} 29. Bd1 {[%clk 1:30:30]} Qf6 {[%clk 1:30:30]} 30.
Qd2 {[%clk 1:30:30]} Qd4 {[%clk 1:30:30]} 31. Qxg5 {[%clk 1:30:30]} Qa1 {[%clk
1:30:30]} 32. Qd2 {[%clk 1:30:30]} Bf5 {[%clk 1:30:30]} 33. Ke1 {[%clk 1:30:30]}
Qxa3 {[%clk 1:30:30]} 34. Qf4+ {[%clk 1:30:30]} Kb6 {[%clk 1:30:30]} 35. Qxf5
{[%clk 1:30:30]} Qb4+ {[%clk 1:30:30]} 36. Kf1 {[%clk 1:30:30]} Qd2 {[%clk
1:30:30]} 37. Qf3 {[%clk 1:30:30]} Nd4 {[%clk 1:30:30]} 38. Qg4 {[%clk 1:30:30]}
Kc5 {[%clk 1:30:30]} 39. Kg2 {[%clk 1:30:30]} Ne2 {[%clk 1:30:30]} 40. Rh1 {[%clk
1:30:30]} Nc3 {[%clk 1:30:30]} 41. Qf3 {[%clk 1:30:30]} Kb4 {[%clk 1:30:30]} 42.
Qf4+ {[%clk 1:30:30]} Qxf4 {[%clk 1:30:30]} 43. gxf4 {[%clk 1:30:30]} Nxd1 {[%clk
1:30:30]} 44. Rxd1 {[%clk 1:30:30]} Kc3 {[%clk 1:30:30]} 45. f5 {[%clk 1:30:30]}
Kc2 {[%clk 1:30:30]} 46. Ra1 {[%clk 1:30:30]} d2 {[%clk 1:30:30]} 47. f6 {[%clk
1:30:30]} d1Q {[%clk 1:30:30]} 48. Rxd1 {[%clk 1:30:30]} Kxd1 {[%clk 1:30:30]}
49. f7 {[%clk 1:30:30]} Kc2 {[%clk 1:30:30]} 50. f8Q {[%clk 1:30:30]} d4 {[%clk
1:30:30]} 51. Qc5+ {[%clk 1:30:30]} Kxb3 {[%clk 1:30:30]} 52. Qxd4 {[%clk
1:30:30]} b5 {[%clk 1:30:30]} 53. Qd3+ {[%clk 1:30:30]} Ka4 {[%clk 1:30:30]} 54.
Qxh7 {[%clk 1:30:30]} b4 {[%clk 1:30:30]} 55. f4 {[%clk 1:30:30]} b3 {[%clk
1:30:30]} 56. f5 {[%clk 1:30:30]} b2 {[%clk 1:30:30]} 57. f6 {[%clk 1:30:30]} Ka3
{[%clk 1:30:30]} 58. f7 {[%clk 1:30:30]} Ka2 {[%clk 1:30:30]} 59. Qc2 {[%clk
1:30:30]} Ka1 {[%clk 1:30:30]} 60. Qa4+ {[%clk 1:30:30]} Kb1 {[%clk 1:30:30]} 61.
Qxa5 {[%clk 1:30:30]} Kc1 {[%clk 1:30:30]} 62. Qa3 {[%clk 1:30:30]} Kc2 {[%clk
1:30:30]} 63. Qxb2+ {[%clk 1:30:30]} Kxb2 {[%clk 1:30:30]} 64. f8Q {[%clk
1:30:30]} 1-0

[Event "Campeonato España Sub 10"]
[Site "Salobreña"]
[Date "2017.07.07"]
[Round "7"]
[White "Cereijo Suarez, Alejandro"]
[Black "Alonso Rodriguez, Tristan"]
[Result "1-0"]
[Board "18"]
[WhiteElo "1327"]
[WhiteCountry "ESP"]
[WhiteFideId "24596116"]
[WhiteEloChange "7"]
[BlackElo "1230"]
[BlackCountry "ESP"]
[BlackFideId "24594520"]
[BlackEloChange "-7"]

1. d4 {[%clk 1:30:30]} Nf6 {[%clk 1:30:30]} 2. Bf4 {[%clk 1:30:30]} e6 {[%clk
1:30:30]} 3. e3 {[%clk 1:30:30]} c5 {[%clk 1:30:30]} 4. c3 {[%clk 1:30:30]} Nc6
{[%clk 1:30:30]} 5. Nf3 {[%clk 1:30:30]} Nh5 {[%clk 1:30:30]} 6. Bg3 {[%clk
1:30:30]} Qb6 {[%clk 1:30:30]} 7. Qc2 {[%clk 1:30:30]} d5 {[%clk 1:30:30]} 8.
Nbd2 {[%clk 1:30:30]} Qd8 {[%clk 1:30:30]} 9. Be2 {[%clk 1:30:30]} Bd7 {[%clk
1:30:30]} 10. Ne5 {[%clk 1:30:30]} Nxg3 {[%clk 1:30:30]} 11. hxg3 {[%clk
1:30:30]} Nxe5 {[%clk 1:30:30]} 12. dxe5 {[%clk 1:30:30]} g6 {[%clk 1:30:30]} 13.
e4 {[%clk 1:30:30]} Bg7 {[%clk 1:30:30]} 14. exd5 {[%clk 1:30:30]} exd5 {[%clk
1:30:30]} 15. f4 {[%clk 1:30:30]} Rc8 {[%clk 1:30:30]} 16. c4 {[%clk 1:30:30]} d4
{[%clk 1:30:30]} 17. Bf3 {[%clk 1:30:30]} b6 {[%clk 1:30:30]} 18. Ne4 {[%clk
1:30:30]} Bf5 {[%clk 1:30:30]} 19. Qa4+ {[%clk 1:30:30]} Qd7 {[%clk 1:30:30]} 20.
Nd6+ {[%clk 1:30:30]} Ke7 {[%clk 1:30:30]} 21. Qxd7+ {[%clk 1:30:30]} Kxd7 {[%clk
1:30:30]} 22. Nxc8 {[%clk 1:30:30]} Kxc8 {[%clk 1:30:30]} 23. O-O-O {[%clk
1:30:30]} h5 {[%clk 1:30:30]} 24. Bd5 {[%clk 1:30:30]} f6 {[%clk 1:30:30]} 25. e6
{[%clk 1:30:30]} Re8 {[%clk 1:30:30]} 26. Rde1 {[%clk 1:30:30]} Kc7 {[%clk
1:30:30]} 27. e7 {[%clk 1:30:30]} Kd6 {[%clk 1:30:30]} 28. Be4 {[%clk 1:30:30]}
Bxe4 {[%clk 1:30:30]} 29. Rxe4 {[%clk 1:30:30]} Rxe7 {[%clk 1:30:30]} 30. Rxe7
{[%clk 1:30:30]} Kxe7 {[%clk 1:30:30]} 31. f5 {[%clk 1:30:30]} Kf7 {[%clk
1:30:30]} 32. fxg6+ {[%clk 1:30:30]} Kxg6 {[%clk 1:30:30]} 33. Re1 {[%clk
1:30:30]} Bh6+ {[%clk 1:30:30]} 34. Kc2 {[%clk 1:30:30]} Be3 {[%clk 1:30:30]} 35.
Rf1 {[%clk 1:30:30]} Kg5 {[%clk 1:30:30]} 36. Kd3 {[%clk 1:30:30]} f5 {[%clk
1:30:30]} 37. b3 {[%clk 1:30:30]} Kg4 {[%clk 1:30:30]} 38. Rf3 {[%clk 1:30:30]}
Kg5 {[%clk 1:30:30]} 39. Kc2 {[%clk 1:30:30]} Kf6 {[%clk 1:30:30]} 40. a3 {[%clk
1:30:30]} a5 {[%clk 1:30:30]} 41. Kd3 {[%clk 1:30:30]} Ke5 {[%clk 1:30:30]} 42.
Rxe3+ {[%clk 1:30:30]} dxe3 {[%clk 1:30:30]} 43. Kxe3 {[%clk 1:30:30]} Ke6 {[%clk
1:30:30]} 44. Kf4 {[%clk 1:30:30]} Kf6 {[%clk 1:30:30]} 45. a4 {[%clk 1:30:30]}
Ke6 {[%clk 1:30:30]} 46. Kg5 {[%clk 1:30:30]} Ke5 {[%clk 1:30:30]} 47. Kxh5
{[%clk 1:30:30]} Kd4 {[%clk 1:30:30]} 48. Kg5 {[%clk 1:30:30]} Kc3 {[%clk
1:30:30]} 49. Kxf5 {[%clk 1:30:30]} Kxb3 {[%clk 1:30:30]} 50. g4 {[%clk 1:30:30]}
Kxc4 {[%clk 1:30:30]} 51. g5 {[%clk 1:30:30]} Kb3 {[%clk 1:30:30]} 52. g6 {[%clk
1:30:30]} c4 {[%clk 1:30:30]} 53. g7 {[%clk 1:30:30]} Kxa4 {[%clk 1:30:30]} 54.
g8Q {[%clk 1:30:30]} b5 {[%clk 1:30:30]} 55. Qg3 {[%clk 1:30:30]} b4 {[%clk
1:30:30]} 56. Ke4 {[%clk 1:30:30]} c3 {[%clk 1:30:30]} 57. Qf2 {[%clk 1:30:30]}
b3 {[%clk 1:30:30]} 58. Qd4+ {[%clk 1:30:30]} Ka3 {[%clk 1:30:30]} 59. Qxc3
{[%clk 1:30:30]} Ka2 {[%clk 1:30:30]} 60. Qxa5+ {[%clk 1:30:30]} Kb1 {[%clk
1:30:30]} 61. Qe1+ {[%clk 1:30:30]} Kc2 {[%clk 1:30:30]} 62. g4 {[%clk 1:30:30]}
b2 {[%clk 1:30:30]} 63. g5 {[%clk 1:30:30]} b1Q {[%clk 1:30:30]} 64. Qxb1+ {[%clk
1:30:30]} Kxb1 {[%clk 1:30:30]} 65. g6 {[%clk 1:30:30]} Kb2 {[%clk 1:30:30]} 66.
g7 {[%clk 1:30:30]} Kc3 {[%clk 1:30:30]} 67. g8Q {[%clk 1:30:30]} Kd2 {[%clk
1:30:30]} 68. Qb3 {[%clk 1:30:30]} Ke2 {[%clk 1:30:30]} 69. Qb2+ {[%clk 1:30:30]}
Kd1 {[%clk 1:30:30]} 70. Ke3 {[%clk 1:30:30]} Ke1 {[%clk 1:30:30]} 71. Qa1#
{[%clk 1:30:30]} 1-0

[Event "Campeonato España Sub 10"]
[Site "Salobreña"]
[Date "2017.07.07"]
[Round "7"]
[White "Riezu Resano, Javier"]
[Black "Lopez Herrero, Israel"]
[Result "1-0"]
[Board "19"]
[WhiteElo "1201"]
[WhiteCountry "ESP"]
[WhiteFideId "24543551"]
[WhiteEloChange "14"]
[BlackElo "1348"]
[BlackCountry "ESP"]
[BlackFideId "24547581"]
[BlackEloChange "-14"]

1. d4 {[%clk 1:30:30]} d5 {[%clk 1:30:30]} 2. Nf3 {[%clk 1:30:30]} Nf6 {[%clk
1:30:30]} 3. e3 {[%clk 1:30:30]} Bf5 {[%clk 1:30:30]} 4. Nh4 {[%clk 1:30:30]} Bg6
{[%clk 1:30:30]} 5. Nxg6 {[%clk 1:30:30]} fxg6 {[%clk 1:30:30]} 6. Bd3 {[%clk
1:30:30]} e6 {[%clk 1:30:30]} 7. Nd2 {[%clk 1:30:30]} Bd6 {[%clk 1:30:30]} 8. e4
{[%clk 1:30:30]} O-O {[%clk 1:30:30]} 9. e5 {[%clk 1:30:30]} Nfd7 {[%clk
1:30:30]} 10. exd6 {[%clk 1:30:30]} Qf6 {[%clk 1:30:30]} 11. O-O {[%clk 1:30:30]}
cxd6 {[%clk 1:30:30]} 12. Qf3 {[%clk 1:30:30]} Qxd4 {[%clk 1:30:30]} 13. Nb3
{[%clk 1:30:30]} Qh4 {[%clk 1:30:30]} 14. Qg3 {[%clk 1:30:30]} Qe7 {[%clk
1:30:30]} 15. Bg5 {[%clk 1:30:30]} Nf6 {[%clk 1:30:30]} 16. Rfe1 {[%clk 1:30:30]}
h6 {[%clk 1:30:30]} 17. Bxh6 {[%clk 1:30:30]} gxh6 {[%clk 1:30:30]} 18. Qxg6+
{[%clk 1:30:30]} Qg7 {[%clk 1:30:30]} 19. Qxg7+ {[%clk 1:30:30]} Kxg7 {[%clk
1:30:30]} 20. Rxe6 {[%clk 1:30:30]} Nc6 {[%clk 1:30:30]} 21. Rae1 {[%clk
1:30:30]} Rad8 {[%clk 1:30:30]} 22. R6e3 {[%clk 1:30:30]} d4 {[%clk 1:30:30]} 23.
Rg3+ {[%clk 1:30:30]} Kh8 {[%clk 1:30:30]} 24. Rg6 {[%clk 1:30:30]} Ng8 {[%clk
1:30:30]} 25. Rg4 {[%clk 1:30:30]} Nf6 {[%clk 1:30:30]} 26. Rg6 {[%clk 1:30:30]}
Ng8 {[%clk 1:30:30]} 27. Rge6 {[%clk 1:30:30]} a6 {[%clk 1:30:30]} 28. Be4 {[%clk
1:30:30]} d5 {[%clk 1:30:30]} 29. Bd3 {[%clk 1:30:30]} Kg7 {[%clk 1:30:30]} 30.
Bxa6 {[%clk 1:30:30]} bxa6 {[%clk 1:30:30]} 31. Rxc6 {[%clk 1:30:30]} Rfe8 {[%clk
1:30:30]} 32. Rce6 {[%clk 1:30:30]} Rxe6 {[%clk 1:30:30]} 33. Rxe6 {[%clk
1:30:30]} Rc8 {[%clk 1:30:30]} 34. Nxd4 {[%clk 1:30:30]} Rc4 {[%clk 1:30:30]} 35.
c3 {[%clk 1:30:30]} Ra4 {[%clk 1:30:30]} 36. a3 {[%clk 1:30:30]} Nf6 {[%clk
1:30:30]} 37. f3 {[%clk 1:30:30]} Kf7 {[%clk 1:30:30]} 38. Kf2 {[%clk 1:30:30]}
Ng8 {[%clk 1:30:30]} 39. Ke2 {[%clk 1:30:30]} Rxd4 {[%clk 1:30:30]} 40. Rxa6
{[%clk 1:30:30]} Rh4 {[%clk 1:30:30]} 41. h3 {[%clk 1:30:30]} Nf6 {[%clk
1:30:30]} 42. Ra5 {[%clk 1:30:30]} Ke7 {[%clk 1:30:30]} 43. b4 {[%clk 1:30:30]}
Rh5 {[%clk 1:30:30]} 44. Rc5 {[%clk 1:30:30]} Kd6 {[%clk 1:30:30]} 45. Ra5 {[%clk
1:30:30]} Nd7 {[%clk 1:30:30]} 46. c4 {[%clk 1:30:30]} Re5+ {[%clk 1:30:30]} 47.
Kd3 {[%clk 1:30:30]} dxc4+ {[%clk 1:30:30]} 48. Kxc4 {[%clk 1:30:30]} Re2 {[%clk
1:30:30]} 49. g4 {[%clk 1:30:30]} Ne5+ {[%clk 1:30:30]} 50. Kb5 {[%clk 1:30:30]}
Nxf3 {[%clk 1:30:30]} 51. Ra6+ {[%clk 1:30:30]} Kc7 {[%clk 1:30:30]} 52. Rxh6
{[%clk 1:30:30]} Re5+ {[%clk 1:30:30]} 53. Kc4 {[%clk 1:30:30]} Re3 {[%clk
1:30:30]} 54. a4 {[%clk 1:30:30]} Re4+ {[%clk 1:30:30]} 55. Kb5 {[%clk 1:30:30]}
Re5+ {[%clk 1:30:30]} 56. Ka6 {[%clk 1:30:30]} Re4 {[%clk 1:30:30]} 57. Ka5
{[%clk 1:30:30]} Re5+ {[%clk 1:30:30]} 58. b5 {[%clk 1:30:30]} Kb7 {[%clk
1:30:30]} 59. Rh7+ {[%clk 1:30:30]} Kb8 {[%clk 1:30:30]} 60. Ka6 {[%clk 1:30:30]}
Re8 {[%clk 1:30:30]} 61. b6 {[%clk 1:30:30]} Ne5 {[%clk 1:30:30]} 62. g5 {[%clk
1:30:30]} Rg8 {[%clk 1:30:30]} 63. h4 {[%clk 1:30:30]} Ng4 {[%clk 1:30:30]} 64.
h5 {[%clk 1:30:30]} Ne5 {[%clk 1:30:30]} 65. g6 {[%clk 1:30:30]} Re8 {[%clk
1:30:30]} 66. g7 {[%clk 1:30:30]} Nf7 {[%clk 1:30:30]} 67. g8Q {[%clk 1:30:30]}
Rxg8 {[%clk 1:30:30]} 68. Rxf7 {[%clk 1:30:30]} 1-0

[Event "Campeonato España Sub 10"]
[Site "Salobreña"]
[Date "2017.07.07"]
[Round "8"]
[White "Ano Pla, Gerard"]
[Black "Andres Iniguez, Iker"]
[Result "1-0"]
[Board "1"]
[WhiteClock "1:30"]
[WhiteElo "1741"]
[WhiteCountry "ESP"]
[WhiteFideId "24560561"]
[WhiteEloChange "9"]
[BlackClock "1:30"]
[BlackElo "1709"]
[BlackCountry "ESP"]
[BlackFideId "24580740"]
[BlackEloChange "-9"]

1. d4 {[%clk 1:30:00]} d5 {[%clk 1:30:00]} 2. c4 {[%clk 1:29:00]} e6 {[%clk
1:29:00]} 3. cxd5 {[%clk 1:28:00]} exd5 {[%clk 1:28:30]} 4. Nc3 {[%clk 1:27:00]}
c6 {[%clk 1:12:00]} 5. Nf3 {[%clk 1:26:00]} Bd6 {[%clk 1:11:00]} 6. Bg5 {[%clk
1:22:00]} Qb6 {[%clk 1:01:00]} 7. Qd2 {[%clk 1:13:00]} Bf5 {[%clk 0:57:00]} 8. e3
{[%clk 1:06:00]} Nd7 {[%clk 0:48:00]} 9. Be2 {[%clk 1:04:00]} Ngf6 {[%clk
0:46:00]} 10. a3 {[%clk 1:02:00]} Qa5 {[%clk 0:37:00]} 11. O-O {[%clk 0:57:00]}
O-O {[%clk 0:31:00]} 12. Bd3 {[%clk 0:55:00]} Bxd3 {[%clk 0:29:00]} 13. Qxd3
{[%clk 0:54:31]} Rfe8 {[%clk 0:24:00]} 14. b4 {[%clk 0:54:00]} Qc7 {[%clk
0:22:00]} 15. Rac1 {[%clk 0:52:00]} Rac8 {[%clk 0:18:17]} 16. Nb5 {[%clk
0:50:00]} Qb8 {[%clk 0:18:24]} 17. Nxd6 {[%clk 0:50:00]} Qxd6 {[%clk 0:18:42]}
18. Bf4 {[%clk 0:49:30]} Qe7 {[%clk 0:17:42]} 19. Rfe1 {[%clk 0:45:00]} Qe4
{[%clk 0:16:56]} 20. Qe2 {[%clk 0:42:00]} Nh5 {[%clk 0:13:21]} 21. Bg3 {[%clk
0:41:00]} Nxg3 {[%clk 0:13:12]} 22. hxg3 {[%clk 0:40:30]} h6 {[%clk 0:13:18]} 23.
Nd2 {[%clk 0:40:00]} Qe6 {[%clk 0:13:13]} 24. Nb3 {[%clk 0:39:29]} Nf6 {[%clk
0:08:13]} 25. Nc5 {[%clk 0:39:00]} Qe7 {[%clk 0:08:01]} 26. Qc2 {[%clk 0:33:00]}
Ne4 {[%clk 0:05:15]} 27. Nxe4 {[%clk 0:32:30]} Qxe4 {[%clk 0:05:35]} 28. Qxe4
{[%clk 0:32:00]} dxe4 {[%clk 0:05:55]} 29. Rc5 {[%clk 0:31:29]} Rcd8 {[%clk
0:05:19]} 30. Rec1 {[%clk 0:30:59]} Rd6 {[%clk 0:02:36]} 31. a4 {[%clk 0:31:00]}
Rc8 {[%clk 0:01:38]} 32. b5 {[%clk 0:31:00]} Kf8 {[%clk 0:01:22]} 33. d5 {[%clk
0:28:00]} b6 {[%clk 0:01:08]} 34. Rxc6 {[%clk 0:27:30]} Rcxc6 {[%clk 0:01:31]}
35. bxc6 {[%clk 0:25:00]} Rd8 {[%clk 0:01:47]} 36. d6 {[%clk 0:24:00]} Ke8 {[%clk
0:01:45]} 37. d7+ {[%clk 0:22:30]} Ke7 {[%clk 0:02:09]} 38. c7 {[%clk 0:22:30]}
1-0

[Event "Campeonato España Sub 10"]
[Site "Salobreña"]
[Date "2017.07.07"]
[Round "8"]
[White "Vergara Anton, Diego"]
[Black "Habans Aguerrea, Javier"]
[Result "0-1"]
[Board "2"]
[WhiteClock "1:30"]
[WhiteElo "1628"]
[WhiteCountry "ESP"]
[WhiteFideId "24524310"]
[WhiteEloChange "-9"]
[BlackClock "1:30"]
[BlackElo "1676"]
[BlackCountry "ESP"]
[BlackFideId "24524689"]
[BlackEloChange "9"]

1. d4 {[%clk 1:30:00]} Nf6 {[%clk 1:30:00]} 2. c4 {[%clk 1:31:00]} c5 {[%clk
1:30:00]} 3. d5 {[%clk 1:31:00]} b5 {[%clk 1:29:30]} 4. cxb5 {[%clk 1:31:00]} a6
{[%clk 1:29:00]} 5. bxa6 {[%clk 1:31:00]} g6 {[%clk 1:31:00]} 6. Nc3 {[%clk
1:31:00]} Bg7 {[%clk 1:31:00]} 7. e4 {[%clk 1:30:00]} O-O {[%clk 1:30:00]} 8. Nf3
{[%clk 1:26:00]} Qa5 {[%clk 1:30:00]} 9. Bd3 {[%clk 1:21:00]} Nxd5 {[%clk
1:31:00]} 10. exd5 {[%clk 1:19:00]} Bxc3+ {[%clk 1:30:30]} 11. Nd2 {[%clk
1:17:00]} Bg7 {[%clk 1:30:30]} 12. O-O {[%clk 1:15:00]} Bxa6 {[%clk 1:30:00]} 13.
Bxa6 {[%clk 1:12:00]} Qxa6 {[%clk 1:28:00]} 14. Qc2 {[%clk 1:08:00]} d6 {[%clk
1:27:00]} 15. Re1 {[%clk 1:07:00]} Re8 {[%clk 1:26:30]} 16. Ne4 {[%clk 1:06:00]}
Nd7 {[%clk 1:23:00]} 17. Nc3 {[%clk 1:03:00]} Qb7 {[%clk 1:21:00]} 18. Rd1 {[%clk
0:58:00]} Rab8 {[%clk 1:16:00]} 19. a4 {[%clk 0:53:00]} Ne5 {[%clk 1:14:00]} 20.
Nb5 {[%clk 0:51:00]} Qd7 {[%clk 1:11:00]} 21. Qe2 {[%clk 0:47:00]} Qg4 {[%clk
1:07:00]} 22. Qxg4 {[%clk 0:46:00]} Nxg4 {[%clk 1:08:00]} 23. Ra3 {[%clk
0:44:00]} Rec8 {[%clk 1:06:00]} 24. b3 {[%clk 0:41:00]} c4 {[%clk 1:04:00]} 25.
Na7 {[%clk 0:36:00]} Rc7 {[%clk 1:01:00]} 26. Nc6 {[%clk 0:35:31]} Rxb3 {[%clk
1:00:00]} 27. h3 {[%clk 0:30:00]} Ne5 {[%clk 0:59:29]} 28. Nxe5 {[%clk 0:29:30]}
Bxe5 {[%clk 0:59:29]} 29. f4 {[%clk 0:28:00]} Rxa3 {[%clk 0:58:59]} 30. Bxa3
{[%clk 0:27:00]} Bxf4 {[%clk 0:58:59]} 31. Kf2 {[%clk 0:25:00]} Ra7 {[%clk
0:58:29]} 32. Rd4 {[%clk 0:24:00]} Rxa4 {[%clk 0:59:00]} 33. Rxf4 {[%clk
0:25:00]} Rxa3 {[%clk 0:59:00]} 34. Rxc4 {[%clk 0:24:30]} Rd3 {[%clk 1:00:00]}
35. Re4 {[%clk 0:24:30]} Kf8 {[%clk 1:00:00]} 36. Rh4 {[%clk 0:23:59]} Rxd5
{[%clk 1:00:00]} 37. Rxh7 {[%clk 0:23:29]} Rh5 {[%clk 1:01:00]} 38. Rxh5 {[%clk
0:23:29]} gxh5 {[%clk 1:01:00]} 39. Ke3 {[%clk 0:23:29]} Kg7 {[%clk 1:00:30]} 40.
Kf4 {[%clk 0:26:00]} Kg6 {[%clk 1:00:00]} 41. Ke4 {[%clk 0:25:30]} Kg5 {[%clk
1:00:00]} 42. g3 {[%clk 0:25:30]} f5+ {[%clk 1:01:00]} 43. Kf3 {[%clk 0:25:00]}
h4 {[%clk 1:01:00]} 44. gxh4+ {[%clk 0:25:00]} Kxh4 {[%clk 1:00:30]} 45. Kf4
{[%clk 0:27:00]} e6 {[%clk 1:00:30]} 46. Ke3 {[%clk 0:27:00]} e5 {[%clk 1:00:30]}
47. Kf2 {[%clk 0:28:00]} Kxh3 {[%clk 1:02:00]} 48. Kf3 {[%clk 0:28:00]} e4+
{[%clk 1:02:00]} 49. Kf4 {[%clk 0:28:00]} d5 {[%clk 0:29:00]} 50. Kxf5 {[%clk
1:02:00]} e3 {[%clk 0:29:00]} 0-1

[Event "Campeonato España Sub 10"]
[Site "Salobreña"]
[Date "2017.07.07"]
[Round "8"]
[White "Macias Pino, Diego"]
[Black "Garijo Perez, Hugo"]
[Result "1-0"]
[Board "3"]
[WhiteClock "1:30"]
[WhiteElo "1732"]
[WhiteCountry "ESP"]
[WhiteFideId "24529133"]
[WhiteEloChange "2"]
[BlackClock "1:30"]
[BlackElo "1392"]
[BlackCountry "ESP"]
[BlackFideId "24533033"]
[BlackEloChange "-2"]

1. d4 {[%clk 1:30:00]} d5 {[%clk 1:29:00]} 2. c4 {[%clk 1:30:00]} c6 {[%clk
1:28:30]} 3. cxd5 {[%clk 1:30:00]} cxd5 {[%clk 1:27:59]} 4. Nc3 {[%clk 1:29:30]}
Nc6 {[%clk 1:27:00]} 5. Bf4 {[%clk 1:29:30]} Bf5 {[%clk 1:21:00]} 6. e3 {[%clk
1:28:00]} e6 {[%clk 1:20:00]} 7. Nf3 {[%clk 1:21:00]} Bb4 {[%clk 1:16:00]} 8. Be2
{[%clk 1:20:30]} Qa5 {[%clk 1:14:00]} 9. Qb3 {[%clk 1:19:00]} Nf6 {[%clk
1:12:00]} 10. O-O {[%clk 1:18:30]} O-O {[%clk 1:10:00]} 11. a3 {[%clk 1:18:00]}
Bxc3 {[%clk 1:08:00]} 12. bxc3 {[%clk 1:17:30]} Ne4 {[%clk 1:06:00]} 13. Rfc1
{[%clk 1:17:00]} b6 {[%clk 1:01:00]} 14. c4 {[%clk 1:14:00]} Ne7 {[%clk 0:58:00]}
15. h3 {[%clk 1:04:00]} Rfc8 {[%clk 0:56:00]} 16. Qb4 {[%clk 1:02:00]} Nc6 {[%clk
0:51:00]} 17. Qxa5 {[%clk 1:01:00]} Nxa5 {[%clk 0:51:00]} 18. cxd5 {[%clk
0:57:00]} exd5 {[%clk 0:50:30]} 19. Ba6 {[%clk 0:55:29]} Rc3 {[%clk 0:48:00]} 20.
Rxc3 {[%clk 0:56:00]} Nxc3 {[%clk 0:49:00]} 21. Rc1 {[%clk 0:56:00]} Bc8 {[%clk
0:36:00]} 22. Bd3 {[%clk 0:53:00]} Ne4 {[%clk 0:34:00]} 23. Rc7 {[%clk 0:46:00]}
Bb7 {[%clk 0:33:30]} 24. Bxe4 {[%clk 0:34:00]} dxe4 {[%clk 0:33:00]} 25. Ng5
{[%clk 0:34:00]} f6 {[%clk 0:28:00]} 26. Ne6 {[%clk 0:33:00]} g5 {[%clk 0:27:00]}
27. Bd6 {[%clk 0:32:00]} Re8 {[%clk 0:26:00]} 28. Ng7 {[%clk 0:31:29]} Rc8 {[%clk
0:24:00]} 29. Re7 {[%clk 0:30:58]} a6 {[%clk 0:23:00]} 30. Nh5 {[%clk 0:30:28]}
Rc1+ {[%clk 0:16:02]} 31. Kh2 {[%clk 0:30:28]} Rc6 {[%clk 0:15:38]} 32. Nxf6+
{[%clk 0:29:59]} Kf8 {[%clk 0:15:55]} 33. Nxh7+ {[%clk 0:29:59]} Kg8 {[%clk
0:16:17]} 34. Bb4 {[%clk 0:29:59]} Rh6 {[%clk 0:15:59]} 35. Bxa5 {[%clk 0:29:59]}
Rxh7 {[%clk 0:15:24]} 36. Rxh7 {[%clk 0:29:29]} Kxh7 {[%clk 0:15:46]} 37. Bxb6
{[%clk 0:29:29]} 1-0

[Event "Campeonato España Sub 10"]
[Site "Salobreña"]
[Date "2017.07.07"]
[Round "8"]
[White "Bellver Gorshenin, Maxim"]
[Black "Cereijo Suarez, Nerea"]
[Result "1-0"]
[Board "4"]
[WhiteClock "1:30"]
[WhiteElo "1595"]
[WhiteCountry "ESP"]
[WhiteFideId "24538671"]
[WhiteEloChange "3"]
[BlackClock "1:30"]
[BlackElo "1288"]
[BlackCountry "ESP"]
[BlackFideId "24596124"]
[BlackEloChange "-3"]

1. e4 {[%clk 1:30:00]} c5 {[%clk 1:30:00]} 2. Nf3 {[%clk 1:31:00]} e6 {[%clk
1:30:00]} 3. d4 {[%clk 1:31:00]} cxd4 {[%clk 1:31:00]} 4. Nxd4 {[%clk 1:31:00]}
a6 {[%clk 1:31:00]} 5. Bd3 {[%clk 1:30:30]} Qc7 {[%clk 1:31:00]} 6. O-O {[%clk
1:29:59]} Nf6 {[%clk 1:30:00]} 7. Nd2 {[%clk 1:26:00]} d6 {[%clk 1:28:00]} 8. a4
{[%clk 1:21:00]} Be7 {[%clk 1:25:00]} 9. a5 {[%clk 1:20:00]} O-O {[%clk 1:24:00]}
10. Qe2 {[%clk 1:19:00]} Nbd7 {[%clk 1:22:00]} 11. c4 {[%clk 1:13:00]} b6 {[%clk
1:17:00]} 12. axb6 {[%clk 1:12:00]} Nxb6 {[%clk 1:16:30]} 13. Kh1 {[%clk
1:09:00]} Bb7 {[%clk 1:14:00]} 14. f4 {[%clk 1:07:00]} Nbd7 {[%clk 1:11:00]} 15.
b3 {[%clk 1:01:00]} Nc5 {[%clk 1:07:00]} 16. Bc2 {[%clk 0:59:00]} Qb6 {[%clk
0:57:00]} 17. Bb2 {[%clk 0:56:00]} Rac8 {[%clk 0:51:00]} 18. Rf3 {[%clk 0:53:00]}
e5 {[%clk 0:50:00]} 19. Nf5 {[%clk 0:50:00]} Qc7 {[%clk 0:49:30]} 20. b4 {[%clk
0:49:00]} Ncxe4 {[%clk 0:49:00]} 21. Nxe4 {[%clk 0:48:00]} Nxe4 {[%clk 0:49:00]}
22. Bxe4 {[%clk 0:47:30]} Bxe4 {[%clk 0:50:00]} 23. Qxe4 {[%clk 0:47:00]} 1-0